[Event "PHI-ch (Women)"]
[Site "Manila"]
[Date "2016.06.27"]
[Round "11"]
[White "Doroy, Allaney Jia G"]
[Black "Secopito, Catherine"]
[Result "1/2-1/2"]
[WhiteElo "1824"]
[BlackElo "2135"]
[PlyCount "97"]
[EventDate "2016.06.20"]
[EventType "tourn"]
[EventRounds "13"]
[EventCountry "PHI"]
[SourceTitle "CBM 173 Extra"]
[Source "ChessBase"]
[SourceDate "2016.08.29"]
[SourceVersion "1"]
[SourceVersionDate "2016.08.29"]
[SourceQuality "1"]

1. c4 d5 2. cxd5 Nf6 3. g3 Nxd5 4. Bg2 Nc6 5. Nc3 Nb6 6. Nf3 g6 7. 0-0 Bg7 8. d3 0-0 9. Be3 e5 10. Qd2 Re8 11. Bh6 Bh8 12. Rac1 Nd4 13. Nxd4 exd4 14. Ne4 Nd5 15. Qc2 c6 16. Rfe1 Be5 17. a3 a5 18. Nd2 Qf6 19. Nf3 Bg4 20. Nxe5 Rxe5 21. h3 Bxh3 22. Bxh3 Rh5 23. Bg2 Rxh6 24. Qb3 Qe7 25. Bxd5 cxd5 26. Qxd5 Rd8 27. Qxa5 Qd7 28. Qc7 Qd5 29. f3 Re8 30. Rc5 Qe6 31. g4 Qe3+ 32. Kg2 Qd2 33. Kf2 Qe3+ 34. Kg2 Qd2 35. Kf2 Qe3+ 36. Kg2 Qd2 37. Kf2 Qe3+ 38. Kg2 Qd2 39. Kf2 Qe3+ 40. Kg2 Qd2 41. Kf2 Rh3 42. Re5 Rh2+ 43. Kg3 Qxe1+ 44. Kxh2 Qf2+ 45. Kh3 Qf1+ 46. Kg3 Qg1+ 47. Kh3 Qh1+ 48. Kg3 Qg1+ 49. Kh3 1/2-1/2

[Event "PHI-ch (Women)"]
[Site "Manila"]
[Date "2016.06.26"]
[Round "10"]
[White "Suede, Mikee Charlene"]
[Black "Doroy, Allaney Jia G"]
[Result "1/2-1/2"]
[WhiteElo "2100"]
[BlackElo "1824"]
[PlyCount "82"]
[EventDate "2016.06.20"]
[EventType "tourn"]
[EventRounds "13"]
[EventCountry "PHI"]
[SourceTitle "CBM 173 Extra"]
[Source "ChessBase"]
[SourceDate "2016.08.29"]
[SourceVersion "1"]
[SourceVersionDate "2016.08.29"]
[SourceQuality "1"]

1. d4 g6 2. c4 Nf6 3. Nc3 d5 4. Nf3 Bg7 5. e3 0-0 6. Be2 c5 7. 0-0 cxd4 8. Nxd4 Nc6 9. Nb3 dxc4 10. Bxc4 Bf5 11. Ne2 Ne5 12. Nd2 Rc8 13. Bb3 Ne4 14. Nxe4 Bxe4 15. Qxd8 Rfxd8 16. Nc3 Bd3 17. Rd1 Bc4 18. Rxd8+ Rxd8 19. Bxc4 Nxc4 20. Kf1 e6 21. Ke2 Kf8 22. Rb1 Ke7 23. Nd1 Be5 24. b3 Nb6 25. Bb2 Bxb2 26. Rxb2 Nd5 27. Rc2 Rd7 28. a3 Rc7 29. Rxc7+ Nxc7 30. Kd3 Kd6 31. Nc3 Nd5 32. Ne2 a6 33. e4 Ne7 34. f3 Nc6 35. Nc3 Na5 36. b4 Nc6 37. Ne2 Ne5+ 38. Kd4 Nc6+ 39. Kd3 Ne5+ 40. Kd4 Nc6+ 41. Kd3 Ne5+ 1/2-1/2

[Event "PHI-ch (Women)"]
[Site "Manila"]
[Date "2016.06.21"]
[Round "2"]
[White "Doroy, Allaney Jia G"]
[Black "Mendoza, Beverly"]
[Result "0-1"]
[WhiteElo "1824"]
[BlackElo "2013"]
[PlyCount "94"]
[EventDate "2016.06.20"]
[EventType "tourn"]
[EventRounds "13"]
[EventCountry "PHI"]
[SourceTitle "CBM 173 Extra"]
[Source "ChessBase"]
[SourceDate "2016.08.29"]
[SourceVersion "1"]
[SourceVersionDate "2016.08.29"]
[SourceQuality "1"]

1. c4 f5 2. g3 Nf6 3. Bg2 e6 4. Nf3 d5 5. 0-0 c6 6. d4 Bd6 7. Nc3 0-0 8. c5 Bc7 9. Rb1 Ne4 10. Qc2 Nd7 11. b4 Qe8 12. a4 e5 13. dxe5 Nxe5 14. b5 Qh5 15. Bf4 Nxf3+ 16. Bxf3 Qf7 17. Bxc7 Qxc7 18. Rfc1 Qe5 19. Na2 f4 20. Qb2 Qg5 21. Bxe4 dxe4 22. bxc6 bxc6 23. Qd4 e3 24. Nb4 Bf5 25. Rb3 Be6 26. Rd3 Rad8 27. Qe4 exf2+ 28. Kh1 Rde8 29. Nxc6 fxg3 30. Rf1 Bh3 31. Qc4+ Be6 32. Qe4 gxh2 33. Qg2 Qxc5 34. Kxh2 Qh5+ 35. Kg3 Qg4+ 36. Kh2 Qh4+ 37. Rh3 Bxh3 38. Qxh3 Qxh3+ 39. Kxh3 Rxe2 40. Nxa7 Re1 41. Kg2 Rxf1 42. Kxf1 g5 43. Nc6 g4 44. Ne7+ Kg7 45. Nd5 g3 46. Ne3 Rf3 47. Ng2 Ra3 0-1

[Event "Olongapo City op-B"]
[Site "Olongapo City"]
[Date "2015.11.11"]
[Round "4"]
[White "Polao, Ben"]
[Black "Doroy, Allaney Jia G"]
[Result "0-1"]
[WhiteElo "2066"]
[BlackElo "1745"]
[PlyCount "119"]
[EventDate "2015.11.09"]
[EventType "swiss"]
[EventRounds "10"]
[EventCountry "PHI"]
[SourceTitle "EXT 2017"]
[Source "ChessBase"]
[SourceDate "2016.10.25"]
[SourceVersion "1"]
[SourceVersionDate "2016.10.25"]
[SourceQuality "1"]

1. e4 c5 2. Nc3 g6 3. f4 Bg7 4. Nf3 d6 5. Bb5+ Bd7 6. 0-0 Bxb5 7. Nxb5 Nf6 8. e5 dxe5 9. fxe5 Nd5 10. e6 f5 11. d4 Qb6 12. c4 0-0 13. Na3 Nf6 14. d5 Na6 15. Nb5 Ne4 16. Bf4 Qa5 17. Be5 Bxe5 18. Nxe5 Nc7 19. Na3 Qb4 20. Rb1 Qd2 21. Nd3 Qe3+ 22. Nf2 Rad8 23. Nc2 Qf4 24. Nxe4 Qxe4 25. b3 b5 26. Re1 Qf4 27. g3 Qd6 28. Qf3 Qa6 29. Qc3 Rd6 30. Ne3 Rb6 31. Qe5 Qb7 32. cxb5 Nxb5 33. Nc4 Ra6 34. a4 Nd4 35. Kf2 Rd8 36. d6 Nf3 37. dxe7 Re8 38. Qf6 Rxe7 39. Red1 Nd4 40. Rxd4 cxd4 41. Qxd4 Qc7 42. Qd5 Qc8 43. Nd6 Qc6 44. Rd1 Qxd5 45. Rxd5 Rxe6 46. Nc4 Re7 47. a5 Rae6 48. Kf3 Kg7 49. Rb5 Kf6 50. h4 h6 51. b4 g5 52. hxg5+ hxg5 53. g4 fxg4+ 54. Kg3 Rc7 55. Nd2 Rd7 56. Nf1 Rd3+ 57. Kg2 Re2+ 58. Kg1 g3 59. Rb8 g2 60. Rf8+ 0-1

[Event "Olongapo City op-B"]
[Site "Olongapo City"]
[Date "2015.11.10"]
[Round "3"]
[White "Doroy, Allaney Jia G"]
[Black "Marimla, Erickson"]
[Result "0-1"]
[WhiteElo "1745"]
[BlackElo "2013"]
[PlyCount "110"]
[EventDate "2015.11.09"]
[EventType "swiss"]
[EventRounds "10"]
[EventCountry "PHI"]
[SourceTitle "EXT 2017"]
[Source "ChessBase"]
[SourceDate "2016.10.25"]
[SourceVersion "1"]
[SourceVersionDate "2016.10.25"]
[SourceQuality "1"]

1. c4 Nf6 2. g3 c6 3. Bg2 d5 4. cxd5 cxd5 5. Nf3 Nc6 6. d4 e6 7. 0-0 Be7 8. Nc3 0-0 9. b3 b6 10. Bb2 Ba6 11. Rc1 Rc8 12. Re1 Bb4 13. a3 Bd6 14. e4 dxe4 15. Nxe4 Nxe4 16. Rxe4 Ne7 17. Re1 Bb7 18. Ne5 Rxc1 19. Qxc1 Bxg2 20. Kxg2 Qa8+ 21. Kg1 Qd5 22. b4 Rc8 23. Qd2 Bxe5 24. Rxe5 Qb3 25. Re2 Nd5 26. Re1 b5 27. Rc1 Rc4 28. Kg2 h6 29. Qe2 a6 30. Rd1 Nc3 31. Bxc3 Rxc3 32. d5 Rc2 33. Qe1 Rc3 34. d6 Rd3 35. Rxd3 Qxd3 36. Qe5 Kf8 37. Qc5 Qd5+ 38. Kf1 Qd1+ 39. Kg2 Qd5+ 40. f3 Qxc5 41. bxc5 a5 42. Kf2 a4 43. c6 Ke8 44. Ke3 b4 45. Kd4 b3 46. Kc3 e5 47. g4 g6 48. h4 f6 49. Kd3 h5 50. Kc3 f5 51. gxh5 gxh5 52. Kd3 Kd8 53. Kc4 b2 54. Kd5 b1Q 55. Kxe5 Qd3 0-1